[Event "Mittelfr. Einzelmeisterschaft 2024 - NT"]
[Site "Nürnberg"]
[Date "2024.03.29"]
[Round "3.5"]
[White "Süß, Helmut"]
[Black "Lang, Franz"]
[Result "0-1"]
[WhiteElo "1869"]
[BlackElo "1457"]
[PlyCount "56"]
[EventDate "2024.??.??"]
[WhiteTeam "SC Noris-Tarrasch Nürnberg 1873"]
[BlackTeam "SC Uttenreuth e.V."]

1. d4 d6 2. Bf4 f5 3. e3 Nf6 4. c3 Be6 5. Nd2 Bf7 6. Bd3 g6 7. Ngf3 Nbd7 8. Ng5
Bg8 9. Bc4 e5 10. Bg3 Qe7 11. Bxg8 Nxg8 12. Ngf3 Bg7 13. O-O e4 14. Ne1 O-O-O
15. Qa4 Kb8 16. b4 h5 17. h3 h4 18. Bh2 g5 19. Qd1 Ngf6 20. f4 exf3 21. Qxf3 g4
22. hxg4 fxg4 23. Qf2 g3 24. Bxg3 hxg3 25. Qxg3 Rdg8 26. Qf3 Bh6 27. Nc2 Ng4
28. Rae1 Qh4 0-1

[Event "Mittelfr. Einzelmeisterschaft 2024 - NT"]
[Site "Nürnberg"]
[Date "2024.03.29"]
[Round "3.6"]
[White "Spear, Jonas"]
[Black "Hahn, Thomas"]
[Result "1/2-1/2"]
[WhiteElo "1371"]
[BlackElo "1855"]
[PlyCount "61"]
[EventDate "2024.??.??"]
[WhiteTeam "SC JÄKLECHEMIE Talente Franken e"]
[BlackTeam "Spvg Zabo-Eintracht Nürnberg e.V"]

1. e4 c5 2. Nf3 d6 3. d4 cxd4 4. Nxd4 Nf6 5. Nc3 g6 6. f3 Bg7 7. Be3 Nbd7 8.
Bc4 a6 9. Qd2 Qc7 10. Bb3 b5 11. a4 b4 12. Nd5 Nxd5 13. Bxd5 Rb8 14. Nc6 Bxb2
15. Bd4 Bxa1 16. Bxa1 e5 17. Nxb8 Qxb8 18. O-O Qb6+ 19. Kh1 Nf6 20. Bb3 Be6 21.
f4 Nxe4 22. Qe1 Nc3 23. fxe5 d5 24. Bxc3 bxc3 25. Qxc3 O-O 26. Qf3 Rd8 27. Rd1
Qb4 28. h3 Qc5 29. Qd3 a5 30. Qd4 Qxd4 31. Rxd4 1/2-1/2

[Event "Mittelfr. Einzelmeisterschaft 2024 - NT"]
[Site "Nürnberg"]
[Date "2024.03.29"]
[Round "3.7"]
[White "Weißmann, Peter"]
[Black "Fridlin, Daniel"]
[Result "0-1"]
[WhiteElo "1824"]
[BlackElo "1731"]
[PlyCount "100"]
[EventDate "2024.??.??"]
[WhiteTeam "SGem 1882 Fürth"]
[BlackTeam "SC Noris-Tarrasch Nürnberg 1873"]

1. e4 c5 2. Nf3 d6 3. d4 cxd4 4. Nxd4 Nf6 5. Nc3 a6 6. a4 e5 7. Nb3 Be6 8. Bg5
Be7 9. Bxf6 Bxf6 10. Nd5 Nd7 11. c4 Rc8 12. Be2 O-O 13. O-O Nb6 14. Nd2 Bg5 15.
b3 f5 16. Nf3 Bxd5 17. exd5 Bf6 18. a5 Nd7 19. b4 b6 20. c5 dxc5 21. axb6 e4
22. b7 Rb8 23. Rxa6 exf3 24. Bxf3 Rxb7 25. bxc5 Nxc5 26. d6 Nxa6 27. Bxb7 Qb6
28. Bxa6 Qxa6 29. Qd5+ Kh8 30. d7 Qa7 31. Re1 Qc7 32. g3 Qd8 33. Qxf5 Be7 34.
Qe6 Bc5 35. Re2 h6 36. Qc6 Qb6 37. Qxb6 Bxb6 38. Re8 Kg8 39. Rc8 Bxf2+ 40. Kg2
Bb6 41. g4 Kf7 42. Kf3 Ke7+ 43. Ke4 Rd8 44. Rxd8 Bxd8 45. Kf5 Kxd7 46. Kg6 Bf6
47. h4 Ke6 48. g5 hxg5 49. hxg5 Bc3 50. Kh5 Kf5 0-1

[Event "Mittelfr. Einzelmeisterschaft 2024 - NT"]
[Site "Nürnberg"]
[Date "2024.03.29"]
[Round "3.8"]
[White "Waschner, Richard"]
[Black "Vilinski, Jan"]
[Result "1/2-1/2"]
[WhiteElo "1907"]
[BlackElo "1058"]
[PlyCount "90"]
[EventDate "2024.??.??"]
[WhiteTeam "Spvg Zabo-Eintracht Nürnberg e.V"]
[BlackTeam "SC JÄKLECHEMIE Talente Franken e"]

1. d4 Nf6 2. Nc3 e6 3. Bf4 d5 4. Nb5 Bd6 5. Nxd6+ cxd6 6. e3 O-O 7. Nf3 Nc6 8.
c3 Qc7 9. h4 e5 10. Bh2 Re8 11. Be2 Bd7 12. O-O Na5 13. Nd2 a6 14. Rc1 Qb6 15.
Qc2 Bb5 16. Bxb5 Qxb5 17. a4 Qc6 18. b4 Nc4 19. Nxc4 dxc4 20. Rcd1 b5 21. dxe5
dxe5 22. a5 Qe4 23. Qxe4 Nxe4 24. Rc1 Rad8 25. f3 Nf6 26. e4 Nh5 27. g4 Nf4 28.
Bxf4 exf4 29. Rfd1 f6 30. Rd4 Kf7 31. Rcd1 Ke7 32. Rxd8 Rxd8 33. Rxd8 Kxd8 34.
g5 Ke7 35. Kh2 Ke6 36. Kg2 f5 37. h5 fxe4 38. fxe4 g6 39. Kf3 gxh5 40. Kxf4 h4
41. Kg4 Ke5 42. Kxh4 Kxe4 43. Kh5 Kf5 44. Kh4 Kf4 45. Kh5 Kf5 1/2-1/2

[Event "Mittelfr. Einzelmeisterschaft 2024 - NT"]
[Site "Nürnberg"]
[Date "2024.03.29"]
[Round "3.9"]
[White "Averin, Alex"]
[Black "Majid, Hakim"]
[Result "1-0"]
[WhiteElo "1524"]
[BlackElo "1647"]
[PlyCount "25"]
[EventDate "2024.??.??"]
[WhiteTeam "SC Schwarz-Weiß Nürnberg Süd e.V"]
[BlackTeam "SC Schwarz-Weiß Nürnberg Süd e.V"]

1. e4 e5 2. Nf3 Nc6 3. c3 Bc5 4. d4 exd4 5. cxd4 Bb4+ 6. Nc3 Nf6 7. Bd3 O-O 8.
e5 Nd5 9. Bxh7+ Kh8 10. Ng5 Bxc3+ 11. bxc3 Nxc3 12. Qh5 g6 13. Bxg6+ 1-0

[Event "Mittelfr. Einzelmeisterschaft 2024 - NT"]
[Site "Nürnberg"]
[Date "2024.03.29"]
[Round "3.10"]
[White "Barnowski, Roman"]
[Black "Yanpala, Oguz Faruk"]
[Result "1-0"]
[WhiteElo "1770"]
[BlackElo "1187"]
[PlyCount "63"]
[EventDate "2024.??.??"]
[WhiteTeam "SC Schwarz-Weiß Nürnberg Süd e.V"]
[BlackTeam "SC JÄKLECHEMIE Talente Franken e"]

1. Nf3 c5 2. g3 d5 3. Bg2 Nc6 4. O-O Bf5 5. d3 e6 6. Nbd2 Nf6 7. c4 Be7 8. Re1
h6 9. b3 O-O 10. Bb2 Qc7 11. Rc1 dxc4 12. Rxc4 Nd7 13. Qa1 Nb6 14. Bxg7 Nxc4
15. Bxh6 f6 16. Bxf8 Nxd2 17. Bxe7 Nxf3+ 18. Bxf3 Qxe7 19. Qc1 Ne5 20. Bg2 Bxd3
21. f4 Bf5 22. fxe5 fxe5 23. Rf1 Kh7 24. Qe3 Qc7 25. Be4 Bxe4 26. Qxe4+ Kg7 27.
Qg4+ Kh8 28. Qxe6 Kg7 29. Rf6 Rh8 30. Rg6+ Kh7 31. Rh6+ Kg7 32. Qf6+ 1-0

[Event "Mittelfr. Einzelmeisterschaft 2024 - NT"]
[Site "Nürnberg"]
[Date "2024.03.30"]
[Round "4.1"]
[White "Dakic, Milan"]
[Black "Assem Gawdat Azmy, Mostafa"]
[Result "0-1"]
[WhiteElo "1874"]
[BlackElo "1825"]
[PlyCount "80"]
[EventDate "2024.??.??"]
[WhiteTeam "SC Schwarz-Weiß Nürnberg Süd e.V"]
[BlackTeam "SC Erlangen 48/88"]

1. e4 c5 2. Nf3 d6 3. d4 cxd4 4. Nxd4 Nf6 5. Nc3 a6 6. Be2 e5 7. Nf3 Be7 8. Bg5
Nbd7 9. h3 b5 10. Nd5 Bb7 11. Nxe7 Qxe7 12. Bd3 h6 13. Bxf6 Nxf6 14. Qe2 d5 15.
Nd2 dxe4 16. Nxe4 Nxe4 17. O-O-O Nf6 18. Rhe1 O-O 19. f3 Rfe8 20. g4 e4 21. Qd2
Qc7 22. g5 exd3 23. gxf6 Qxc2+ 24. Qxc2 dxc2 25. Rxe8+ Rxe8 26. Rd6 Bxf3 27.
Kxc2 Re6 28. Rd8+ Kh7 29. fxg7 Kxg7 30. Rd4 h5 31. Kc3 Re3+ 32. Kd2 Re2+ 33.
Kc3 Bg2 34. h4 Re4 35. Rd6 b4+ 36. Kb3 Bf1 37. Rd1 Bc4+ 38. Ka4 b3 39. Ra1 bxa2
40. b3 Bd3+ 0-1

[Event "Mittelfr. Einzelmeisterschaft 2024 - NT"]
[Site "Nürnberg"]
[Date "2024.03.30"]
[Round "4.2"]
[White "Oechslen, Manuel"]
[Black "Engel, David"]
[Result "0-1"]
[WhiteElo "1605"]
[BlackElo "1721"]
[PlyCount "68"]
[EventDate "2024.??.??"]
[WhiteTeam "SK Leutershausen"]
[BlackTeam "Spvg Zabo-Eintracht Nürnberg e.V"]

1. d4 d5 2. c4 e6 3. Nf3 Nf6 4. g3 c6 5. Bg2 Bd6 6. Qc2 O-O 7. O-O b6 8. Nbd2
Bb7 9. cxd5 cxd5 10. a3 Nbd7 11. b4 a5 12. bxa5 Rxa5 13. Nb3 Ra7 14. Bd2 Rxa3
15. Rxa3 Bxa3 16. Ra1 Bd6 17. Ra7 Qc8 18. Qb2 Ba6 19. Nc1 Bb8 20. Rxd7 Nxd7 21.
Bg5 Bd6 22. Nd3 Bxd3 23. exd3 Qa6 24. Bf1 Rc8 25. h4 b5 26. h5 b4 27. h6 g6 28.
Ne5 Nxe5 29. dxe5 Bf8 30. d4 Qa3 31. Qd2 b3 32. Bd3 b2 33. Bf6 Qa1+ 34. Kg2
b1=Q 0-1

[Event "Mittelfr. Einzelmeisterschaft 2024 - NT"]
[Site "Nürnberg"]
[Date "2024.03.30"]
[Round "4.3"]
[White "Gottlieb, Michael"]
[Black "Fridlin, Daniel"]
[Result "1/2-1/2"]
[WhiteElo "1782"]
[BlackElo "1731"]
[PlyCount "107"]
[EventDate "2024.??.??"]
[WhiteTeam "SV Postbauer e.V."]
[BlackTeam "SC Noris-Tarrasch Nürnberg 1873"]

1. d4 Nf6 2. Nc3 g6 3. e4 d6 4. Be3 Bg7 5. f3 O-O 6. Qd2 e5 7. d5 c6 8. O-O-O
cxd5 9. Nxd5 Ne8 10. Bh6 Be6 11. h4 Bxd5 12. exd5 Nf6 13. g4 Nbd7 14. h5 Qe7
15. Bxg7 Kxg7 16. hxg6 fxg6 17. Qh6+ Kg8 18. Bd3 Nc5 19. Be2 Rac8 20. Nh3 Qc7
21. Rd2 e4 22. c3 exf3 23. Bxf3 b5 24. Ng5 b4 25. Rdh2 bxc3 26. Kb1 cxb2 27.
Nxh7 Qxh7 28. Qxh7+ Nxh7 29. Rxh7 Nd3 30. Rh8+ Kg7 31. R1h7+ Kf6 32. Rxf8+ Rxf8
33. Be2 Nf4 34. Bd1 Nxd5 35. Kxb2 Rb8+ 36. Bb3 a5 37. Kc1 Ne3 38. Rd7 Rb6 39.
Ra7 Rb5 40. Ra6 Ke5 41. Bf7 g5 42. Bh5 d5 43. Kd2 Nc4+ 44. Kd3 Rb2 45. Bf7 Rxa2
46. Re6+ Kf4 47. Rf6+ Kxg4 48. Bxd5 Ne5+ 49. Kd4 Re2 50. Re6 Nf3+ 51. Kc5 Rxe6
52. Bxe6+ Kf4 53. Bc8 Nh4 54. Bh3 1/2-1/2

[Event "Mittelfr. Einzelmeisterschaft 2024 - NT"]
[Site "Nürnberg"]
[Date "2024.03.30"]
[Round "4.4"]
[White "Lang, Franz"]
[Black "Averin, Alex"]
[Result "1-0"]
[WhiteElo "1457"]
[BlackElo "1524"]
[PlyCount "55"]
[EventDate "2024.??.??"]
[WhiteTeam "SC Uttenreuth e.V."]
[BlackTeam "SC Schwarz-Weiß Nürnberg Süd e.V"]

1. e4 c5 2. Nc3 e6 3. f4 Nf6 4. Nf3 Be7 5. e5 Nd5 6. Nxd5 exd5 7. d4 d6 8. Bb5+
Nc6 9. O-O O-O 10. c3 dxe5 11. fxe5 c4 12. Bf4 f6 13. Qd2 fxe5 14. Nxe5 Nxe5
15. Bxe5 Bf6 16. Rae1 Bxe5 17. Rxf8+ Qxf8 18. Rxe5 Qd6 19. Re8+ Kf7 20. Qf2+
Qf6 21. Qxf6+ Kxf6 22. Bd7 Kf7 23. Rxc8 Rxc8 24. Bxc8 b6 25. Kf2 Kf6 26. Kf3 g5
27. h4 gxh4 28. Kg4 1-0

[Event "Mittelfr. Einzelmeisterschaft 2024 - NT"]
[Site "Nürnberg"]
[Date "2024.03.30"]
[Round "4.5"]
[White "Luther, Helmut"]
[Black "Spear, Jonas"]
[Result "1/2-1/2"]
[WhiteElo "2007"]
[BlackElo "1371"]
[PlyCount "42"]
[EventDate "2024.??.??"]
[WhiteTeam "SC Schwarz-Weiß Nürnberg Süd e.V"]
[BlackTeam "SC JÄKLECHEMIE Talente Franken e"]

1. d4 Nf6 2. c4 e6 3. Nf3 d5 4. Nc3 Bb4 5. g3 c5 6. a3 Bxc3+ 7. bxc3 b6 8. Bg2
Bb7 9. O-O O-O 10. dxc5 bxc5 11. Rb1 Ba6 12. cxd5 exd5 13. Ne5 Re8 14. f4 Nbd7
15. Nxd7 Qxd7 16. Re1 Ne4 17. Qc2 Re7 18. a4 Rae8 19. Bf3 Qh3 20. Bg2 Qd7 21.
Ba3 Qc8 1/2-1/2

[Event "Mittelfr. Einzelmeisterschaft 2024 - NT"]
[Site "Nürnberg"]
[Date "2024.03.30"]
[Round "4.6"]
[White "Hahn, Thomas"]
[Black "Oram, Thomas"]
[Result "0-1"]
[WhiteElo "1855"]
[BlackElo "1702"]
[PlyCount "64"]
[EventDate "2024.??.??"]
[WhiteTeam "Spvg Zabo-Eintracht Nürnberg e.V"]
[BlackTeam "Spvg Zabo-Eintracht Nürnberg e.V"]

1. e4 c5 2. Nf3 d6 3. d4 cxd4 4. Nxd4 Nf6 5. Nc3 a6 6. Be2 e6 7. Be3 Be7 8. Qd2
Nbd7 9. O-O O-O 10. a4 Nc5 11. f3 Qc7 12. Nb3 Nxb3 13. cxb3 Bd7 14. a5 Bc6 15.
Rfc1 Rac8 16. Na4 d5 17. Nb6 Rcd8 18. Qc2 Bd6 19. Bxa6 Bxh2+ 20. Kh1 Qe5 21.
exd5 Nxd5 22. Nxd5 Bxd5 23. Bc4 Qh5 24. Qe2 Qh4 25. Bxd5 Rxd5 26. Ra4 Bf4+ 27.
Kg1 Qh2+ 28. Kf2 Bg3+ 29. Kf1 Rfd8 30. Bg1 Qh6 31. Be3 Rh5 32. Rd1 Rh1+ 0-1

[Event "Mittelfr. Einzelmeisterschaft 2024 - NT"]
[Site "Nürnberg"]
[Date "2024.03.30"]
[Round "4.7"]
[White "Weißmann, Peter"]
[Black "Waschner, Richard"]
[Result "1-0"]
[WhiteElo "1824"]
[BlackElo "1907"]
[PlyCount "137"]
[EventDate "2024.??.??"]
[WhiteTeam "SGem 1882 Fürth"]
[BlackTeam "Spvg Zabo-Eintracht Nürnberg e.V"]

1. e4 c6 2. d4 d5 3. e5 Bf5 4. Ne2 e6 5. Ng3 Bg6 6. Bd3 c5 7. c3 Nc6 8. O-O Qh4
9. Bb5 Nge7 10. Nd2 cxd4 11. Nf3 Bh5 12. Nxh4 Bxd1 13. Rxd1 dxc3 14. bxc3 a6
15. Bxc6+ Nxc6 16. Nf3 b5 17. a4 b4 18. cxb4 Bxb4 19. Ba3 a5 20. Rdc1 Kd7 21.
Bb2 Rac8 22. Ne2 Ke7 23. Ned4 Nxd4 24. Nxd4 f6 25. Nc6+ Kf7 26. Nxb4 axb4 27.
f4 Rc4 28. a5 Rxf4 29. Rc7+ Kg6 30. Ra4 Ra8 31. a6 Rc4 32. Rxc4 dxc4 33. Rxb4
Rxa6 34. Rxc4 Ra2 35. Bd4 Kf5 36. exf6 gxf6 37. Rc3 e5 38. Bb6 e4 39. Rc1 Ke5
40. Bc7+ Kd4 41. Kf1 Rd2 42. Re1 f5 43. Bf4 Rd3 44. Kf2 h5 45. Re2 Kc3 46. Re3
Kc2 47. Rxd3 exd3 48. Ke1 Kc3 49. Bd2+ Kd4 50. Kf2 Ke4 51. g3 Kd4 52. Kf3 Ke5
53. Be3 Kf6 54. Kf4 Kg6 55. Ke5 h4 56. Kd4 hxg3 57. hxg3 Kh5 58. Kxd3 Kg6 59.
Kd4 Kf6 60. Kd5 Kf7 61. Ke5 Kg6 62. Kf4 Kf6 63. Bd4+ Kg6 64. Be5 Kf7 65. Kxf5
Kf8 66. Kg6 Kg8 67. Kh6 Kf7 68. Kh7 Ke6 69. g4 1-0

[Event "Mittelfr. Einzelmeisterschaft 2024 - NT"]
[Site "Nürnberg"]
[Date "2024.03.30"]
[Round "4.8"]
[White "Barnowski, Roman"]
[Black "Süß, Helmut"]
[Result "1/2-1/2"]
[WhiteElo "1770"]
[BlackElo "1869"]
[PlyCount "33"]
[EventDate "2024.??.??"]
[WhiteTeam "SC Schwarz-Weiß Nürnberg Süd e.V"]
[BlackTeam "SC Noris-Tarrasch Nürnberg 1873"]

1. Nf3 c5 2. c4 g6 3. Nc3 Bg7 4. g3 Nc6 5. Bg2 e6 6. O-O Nge7 7. e3 Nf5 8. a3
d6 9. Rb1 a5 10. Nb5 O-O 11. b3 e5 12. Bb2 Nfe7 13. e4 Na7 14. Nc3 Bd7 15. Nd5
Nac6 16. d3 Nd4 17. Nxd4 1/2-1/2

[Event "Mittelfr. Einzelmeisterschaft 2024 - NT"]
[Site "Nürnberg"]
[Date "2024.03.30"]
[Round "4.9"]
[White "Vilinski, Jan"]
[Black "Müller, Gerhard"]
[Result "0-1"]
[WhiteElo "1058"]
[BlackElo "1834"]
[PlyCount "80"]
[EventDate "2024.??.??"]
[WhiteTeam "SC JÄKLECHEMIE Talente Franken e"]
[BlackTeam "SC Schwarz-Weiß Nürnberg Süd e.V"]

1. e4 g6 2. d4 Bg7 3. Nf3 d6 4. Bc4 Bg4 5. Nc3 a6 6. h3 Bxf3 7. Qxf3 e6 8. Be3
Nc6 9. Rd1 b5 10. Bb3 Na5 11. O-O Nxb3 12. axb3 Ne7 13. d5 e5 14. Ne2 O-O 15.
c4 b4 16. h4 h5 17. g4 hxg4 18. Qxg4 f5 19. Qg2 f4 20. Qh3 fxe3 21. Qxe3 Kh7
22. Kg2 Ng8 23. Rh1 Qd7 24. Ng3 Bh6 25. Qe2 Rf4 26. h5 g5 27. Rdg1 Raf8 28. f3
g4 29. Rf1 gxf3+ 30. Rxf3 Qg4 31. Rxf4 Qxe2+ 32. Nxe2 Bxf4 33. Rf1 Bh6 34. Ra1
Ra8 35. Ng3 Nf6 36. Kf3 Nd7 37. Kg4 Nc5 38. Rf1 Rf8 39. Ra1 Rf4+ 40. Kh3 Rf3
0-1

[Event "Mittelfr. Einzelmeisterschaft 2024 - NT"]
[Site "Nürnberg"]
[Date "2024.03.30"]
[Round "4.10"]
[White "Majid, Hakim"]
[Black "Yanpala, Oguz Faruk"]
[Result "1/2-1/2"]
[WhiteElo "1647"]
[BlackElo "1187"]
[PlyCount "142"]
[EventDate "2024.??.??"]
[WhiteTeam "SC Schwarz-Weiß Nürnberg Süd e.V"]
[BlackTeam "SC JÄKLECHEMIE Talente Franken e"]

1. e4 c5 2. Bc4 e6 3. Nc3 Nc6 4. Nf3 g6 5. d4 cxd4 6. Nxd4 Bg7 7. Nxc6 bxc6 8.
O-O Ne7 9. Bf4 d5 10. exd5 cxd5 11. Bb5+ Bd7 12. Rb1 O-O 13. Bxd7 Qxd7 14. Qd2
Nf5 15. Rfd1 Rac8 16. g4 Nd4 17. Qd3 e5 18. Bg3 Qxg4 19. Nxd5 Rxc2 20. Ne3 Ne2+
21. Kf1 Nxg3+ 22. hxg3 Rcc8 23. Qd7 Qxd7 24. Rxd7 a5 25. Nd5 Rfd8 26. Ne7+ Kf8
27. Rxd8+ Rxd8 28. Nc6 Rd5 29. a3 e4 30. b4 axb4 31. Nxb4 Ra5 32. Rb3 f5 33.
Nc6 Ra6 34. Nb8 Ra8 35. Nd7+ Ke8 36. Nc5 Bf8 37. Ne6 Rxa3 38. Rb8+ Kf7 39. Nxf8
Kg7 40. Ne6+ Kf6 41. Nd4 Kg5 42. Kg1 Rd3 43. Ne6+ Kg4 44. Rb1 g5 45. Re1 Rd2
46. Kg2 Rd6 47. Nc5 Rh6 48. Nd7 Re6 49. Nf8 Rf6 50. Nxh7 Rf7 51. Rh1 f4 52.
gxf4 gxf4 53. Rh6 f3+ 54. Kh2 Kf5 55. Rh4 Rg7 56. Rh5+ Kg6 57. Rg5+ Kxh7 58.
Rxg7+ Kxg7 59. Kg3 Kf6 60. Kf4 e3 61. Kxe3 Ke5 62. Kxf3 Kf5 63. Kg3 Kg5 64. f3
Kf5 65. f4 Kf6 66. Kg4 Kg6 67. f5+ Kf7 68. Kg5 Kg7 69. f6+ Kf8 70. Kg6 Kg8 71.
f7+ Kf8 1/2-1/2

[Event "Mittelfr. Einzelmeisterschaft 2024 - NT"]
[Site "Nürnberg"]
[Date "2024.03.30"]
[Round "5.1"]
[White "Assem Gawdat Azmy, Mostafa"]
[Black "Engel, David"]
[Result "1-0"]
[WhiteElo "1825"]
[BlackElo "1721"]
[PlyCount "62"]
[EventDate "2024.??.??"]
[WhiteTeam "SC Erlangen 48/88"]
[BlackTeam "Spvg Zabo-Eintracht Nürnberg e.V"]

1. e4 c5 2. Nf3 d6 3. d4 cxd4 4. Nxd4 g6 5. Bb5+ Bd7 6. Bxd7+ Qxd7 7. O-O Bg7
8. Be3 Nc6 9. c3 Nf6 10. f3 Na5 11. Qe2 a6 12. Rd1 O-O 13. Nd2 Rac8 14. Nc2 Qc7
15. Qf2 Nc4 16. Nxc4 Qxc4 17. Bd4 Nd7 18. Ne3 Bxd4 19. cxd4 Qc6 20. Nd5 Rfe8
21. Qd2 Qc2 22. Nxe7+ Rxe7 23. Rac1 Qxc1 24. Rxc1 Rxc1+ 25. Qxc1 Nb6 26. Qg5
Rd7 27. b3 Kg7 28. h4 h6 29. Qg4 Rc7 30. Qf4 Nc8 31. e5 dxe5 1-0

[Event "Mittelfr. Einzelmeisterschaft 2024 - NT"]
[Site "Nürnberg"]
[Date "2024.03.30"]
[Round "5.2"]
[White "Gottlieb, Michael"]
[Black "Lang, Franz"]
[Result "1-0"]
[WhiteElo "1782"]
[BlackElo "1457"]
[PlyCount "35"]
[EventDate "2024.??.??"]
[WhiteTeam "SV Postbauer e.V."]
[BlackTeam "SC Uttenreuth e.V."]

1. d4 c6 2. Nc3 d5 3. Bf4 Nf6 4. e3 Bg4 5. f3 Bf5 6. g4 Bg6 7. h4 h5 8. g5 Ng8
9. Bd3 Bxd3 10. Qxd3 Nd7 11. g6 f6 12. O-O-O Nh6 13. e4 e6 14. Re1 Qa5 15. exd5
cxd5 16. Rxe6+ Kd8 17. Nb5 Qxa2 18. Bc7+ 1-0

[Event "Mittelfr. Einzelmeisterschaft 2024 - NT"]
[Site "Nürnberg"]
[Date "2024.03.30"]
[Round "5.3"]
[White "Fridlin, Daniel"]
[Black "Dakic, Milan"]
[Result "1-0"]
[WhiteElo "1731"]
[BlackElo "1874"]
[PlyCount "97"]
[EventDate "2024.??.??"]
[WhiteTeam "SC Noris-Tarrasch Nürnberg 1873"]
[BlackTeam "SC Schwarz-Weiß Nürnberg Süd e.V"]

1. e4 c5 2. Nf3 Nc6 3. d4 cxd4 4. Nxd4 e6 5. Nc3 a6 6. a3 Qc7 7. f4 d6 8. Be3
Nf6 9. g4 Nxd4 10. Bxd4 e5 11. fxe5 dxe5 12. Bf2 Bxg4 13. Qd2 Rd8 14. Qe3 Be7
15. h3 Bh5 16. Rg1 O-O 17. Qg3 g6 18. Bd3 Bc5 19. Rf1 Kg7 20. Qh4 Bxf2+ 21.
Rxf2 Qb6 22. Kd2 Rd6 23. Raf1 Qc6 24. Kc1 b5 25. Qg5 Re6 26. Qh4 Nd7 27. Rg2
Kh8 28. Rgf2 f6 29. Nd5 Nc5 30. Be2 Bxe2 31. Rxe2 f5 32. exf5 Rxf5 33. Rxf5
gxf5 34. Ne7 Qf3 35. Rd2 Nb7 36. Qg5 Qf1+ 37. Rd1 Qf4+ 38. Qxf4 exf4 39. Nxf5
Rf6 40. Nd4 f3 41. Rf1 f2 42. Kd2 Rh6 43. Rxf2 Rxh3 44. Ne6 h5 45. Rf8+ Kh7 46.
Rf7+ Kh6 47. Rxb7 h4 48. Rb6 Kh5 49. Nf4+ 1-0

[Event "Mittelfr. Einzelmeisterschaft 2024 - NT"]
[Site "Nürnberg"]
[Date "2024.03.30"]
[Round "5.4"]
[White "Oram, Thomas"]
[Black "Oechslen, Manuel"]
[Result "0-1"]
[WhiteElo "1702"]
[BlackElo "1605"]
[PlyCount "78"]
[EventDate "2024.??.??"]
[WhiteTeam "Spvg Zabo-Eintracht Nürnberg e.V"]
[BlackTeam "SK Leutershausen"]

1. e4 c5 2. Nf3 Nc6 3. d4 cxd4 4. Nxd4 e6 5. f4 Bc5 6. Nb3 Bb6 7. Nc3 Nge7 8.
Nb5 d5 9. e5 O-O 10. Bd2 Nf5 11. Qf3 a6 12. Na3 Nfd4 13. Nxd4 Bxd4 14. c3 Ba7
15. Bd3 f6 16. Qh5 f5 17. g4 b5 18. Nc2 d4 19. c4 bxc4 20. Bxc4 d3 21. Ne3 g6
22. Qh3 Na5 23. b3 Qd4 24. Rc1 Qxf4 25. gxf5 Rxf5 26. Rf1 Qxe5 27. Rxf5 gxf5
28. Qg2+ Kf7 29. Qxa8 Bxe3 30. Bxd3 Bb7 31. Rc7+ Qxc7 32. Qh8 Bxd2+ 33. Kxd2
Qxh2+ 34. Kc3 Nc6 35. Bxa6 Bxa6 36. Qa8 Qe5+ 37. Kc2 Nb4+ 38. Kd2 Qd4+ 39. Ke1
Nc2# 0-1

[Event "Mittelfr. Einzelmeisterschaft 2024 - NT"]
[Site "Nürnberg"]
[Date "2024.03.30"]
[Round "5.5"]
[White "Müller, Gerhard"]
[Black "Luther, Helmut"]
[Result "0-1"]
[WhiteElo "1834"]
[BlackElo "2007"]
[PlyCount "52"]
[EventDate "2024.??.??"]
[WhiteTeam "SC Schwarz-Weiß Nürnberg Süd e.V"]
[BlackTeam "SC Schwarz-Weiß Nürnberg Süd e.V"]

1. d4 d6 2. c4 e5 3. dxe5 dxe5 4. Qxd8+ Kxd8 5. Nc3 c6 6. Bg5+ f6 7. O-O-O+ Kc7
8. Bd2 Be6 9. e4 Nd7 10. Be3 Bb4 11. Kc2 h5 12. h4 Nh6 13. f3 Nf7 14. a3 Be7
15. Na4 Nb6 16. Nxb6 axb6 17. Bd3 Nd6 18. Kc3 Ra4 19. Bc1 Bxc4 20. b3 Nb5+ 21.
Kc2 Nd4+ 22. Kc3 Bxb3 23. Rd2 Be6 24. Ne2 Nxe2+ 25. Bxe2 Bxa3 26. Rc2 Bb4+ 0-1

[Event "Mittelfr. Einzelmeisterschaft 2024 - NT"]
[Site "Nürnberg"]
[Date "2024.03.30"]
[Round "5.6"]
[White "Spear, Jonas"]
[Black "Weißmann, Peter"]
[Result "1/2-1/2"]
[WhiteElo "1371"]
[BlackElo "1824"]
[PlyCount "81"]
[EventDate "2024.??.??"]
[WhiteTeam "SC JÄKLECHEMIE Talente Franken e"]
[BlackTeam "SGem 1882 Fürth"]

1. e4 c5 2. Nf3 Nc6 3. d4 cxd4 4. Nxd4 Nf6 5. Nc3 e5 6. Nb3 Be7 7. Bc4 O-O 8.
O-O d6 9. Bg5 Nxe4 10. Nxe4 Bxg5 11. Qxd6 Be7 12. Qxd8 Rxd8 13. f4 Kf8 14. Bb5
f5 15. Bxc6 bxc6 16. fxe5 Rd5 17. Ng3 Rxe5 18. Nd4 Bc5 19. Rad1 g6 20. Kh1 Bxd4
21. Rxd4 Ba6 22. Rfd1 Rae8 23. h3 Kf7 24. Ra4 Re1+ 25. Rxe1 Rxe1+ 26. Kh2 Bb5
27. Rxa7+ Kf6 28. a4 Bc4 29. Rxh7 f4 30. Nh1 Bd5 31. Nf2 Re2 32. Ng4+ Kg5 33.
Kg1 Rxg2+ 34. Kf1 Rxc2 35. Rb7 Bg2+ 36. Ke1 Bxh3 37. Ne5 Bg2 38. a5 f3 39. Nd3
c5 40. Rb5 Re2+ 41. Kd1 1/2-1/2

[Event "Mittelfr. Einzelmeisterschaft 2024 - NT"]
[Site "Nürnberg"]
[Date "2024.03.30"]
[Round "5.7"]
[White "Süß, Helmut"]
[Black "Hahn, Thomas"]
[Result "1-0"]
[WhiteElo "1869"]
[BlackElo "1855"]
[PlyCount "77"]
[EventDate "2024.??.??"]
[WhiteTeam "SC Noris-Tarrasch Nürnberg 1873"]
[BlackTeam "Spvg Zabo-Eintracht Nürnberg e.V"]

1. Nf3 f5 2. c4 g6 3. Nc3 Bg7 4. d4 Nf6 5. Qc2 d6 6. h3 O-O 7. Bf4 c6 8. e3 Qe8
9. Be2 Nbd7 10. O-O e5 11. Bh2 e4 12. Nd2 d5 13. cxd5 cxd5 14. Nb5 Qf7 15. Nc7
Rb8 16. Nb5 Ra8 17. Bd6 Rd8 18. Qb3 Ne8 19. Bc7 Nxc7 20. Nxc7 Rb8 21. Qxd5 Qxd5
22. Nxd5 Nf6 23. Ne7+ Kf8 24. Nxc8 Rbxc8 25. Rfc1 Nd5 26. Bc4 Ke7 27. Bxd5
Rxc1+ 28. Rxc1 Rxd5 29. Nb3 b6 30. Kf1 Kd7 31. Ke2 Bf8 32. f3 exf3+ 33. gxf3 f4
34. e4 Rg5 35. Kf2 Rg3 36. Rh1 Be7 37. h4 Bb4 38. a3 Be7 39. Nc1 1-0

[Event "Mittelfr. Einzelmeisterschaft 2024 - NT"]
[Site "Nürnberg"]
[Date "2024.03.30"]
[Round "5.8"]
[White "Averin, Alex"]
[Black "Barnowski, Roman"]
[Result "0-1"]
[WhiteElo "1524"]
[BlackElo "1770"]
[PlyCount "42"]
[EventDate "2024.??.??"]
[WhiteTeam "SC Schwarz-Weiß Nürnberg Süd e.V"]
[BlackTeam "SC Schwarz-Weiß Nürnberg Süd e.V"]

1. e4 c6 2. d4 d5 3. f3 e6 4. Nc3 Bb4 5. Bd2 Ne7 6. Bd3 Nd7 7. Nge2 c5 8. a3
Bxc3 9. Bxc3 c4 10. exd5 cxd3 11. dxe6 dxe2 12. exd7+ Qxd7 13. Qxe2 Qe6 14.
Qxe6 Bxe6 15. O-O O-O-O 16. d5 Nxd5 17. Bxg7 Rhg8 18. Be5 Ne3 19. Rfc1 Rxg2+
20. Kh1 Rf2 21. f4 Rdd2 0-1

[Event "Mittelfr. Einzelmeisterschaft 2024 - NT"]
[Site "Nürnberg"]
[Date "2024.03.30"]
[Round "5.9"]
[White "Waschner, Richard"]
[Black "Majid, Hakim"]
[Result "1-0"]
[WhiteElo "1907"]
[BlackElo "1647"]
[PlyCount "117"]
[EventDate "2024.??.??"]
[WhiteTeam "Spvg Zabo-Eintracht Nürnberg e.V"]
[BlackTeam "SC Schwarz-Weiß Nürnberg Süd e.V"]

1. d4 e5 2. dxe5 d6 3. Nf3 Nc6 4. Bg5 Be7 5. Bxe7 Ngxe7 6. exd6 cxd6 7. e4 O-O
8. Nc3 Bg4 9. h3 Bxf3 10. Qxf3 Nd4 11. Qd3 Ne6 12. O-O-O Nc8 13. Qd2 Qa5 14.
Bc4 Nc5 15. a3 Nd7 16. f4 Qc5 17. Bb3 a6 18. g4 b5 19. Qd4 Rb8 20. e5 Qxd4 21.
Rxd4 Nc5 22. exd6 Nxb3+ 23. cxb3 Rd8 24. Ne4 Nb6 25. Kb1 Nd7 26. Rc1 Nf8 27. f5
g6 28. Rc6 a5 29. Ra6 Ra8 30. Rxa8 Rxa8 31. d7 Rd8 32. Nc5 Kg7 33. fxg6 hxg6
34. a4 bxa4 35. bxa4 Kf6 36. Nb7 Rxd7 37. Rxd7 Nxd7 38. Nxa5 Ke6 39. Kc2 Kd5
40. b3 Kc5 41. Nc4 Kb4 42. g5 Nc5 43. Ne5 Nxb3 44. Nxf7 Nd4+ 45. Kd3 Ne6 46.
Ke4 Kxa4 47. Ke5 Nf8 48. Kf6 Kb5 49. Ne5 Kc5 50. Nxg6 Nh7+ 51. Kf5 Kd6 52. h4
Kd7 53. Nh8 Ke7 54. g6 Nf6 55. g7 Ng8 56. Kg6 Ke8 57. h5 Ne7+ 58. Kh7 Nd5 59.
g8=Q+ 1-0